| 000 | 00478nam a22001817a 4500 | ||
|---|---|---|---|
| 003 | LK-CoMWRAF | ||
| 005 | 20231215090836.0 | ||
| 008 | 230928b |||||||| |||| 00| 0 eng d | ||
| 040 |
_aLK-CoMWRAF _dLK-CoMWRAF _eLK-CoMWRAF |
||
| 041 | _aeng | ||
| 082 |
_a920.02 _bBHA |
||
| 100 | _aBhardwaj, Ashwani | ||
| 245 | _aThe great leaders of the world | ||
| 260 |
_aNew Delhi: _bGoodwill publishing, _c[n.d.] |
||
| 300 | _aiv., 524 p. | ||
| 650 | _aLEADERS-Biographies | ||
| 942 | _cBK | ||
| 999 |
_c3724 _d3724 |
||